000 01102cam a2200241 4500
001 WB4014-21
008 040414n2004 000 0 eng u
035 _a(Sirsi) u125831
245 _aMinister launches new national forest strategy
260 _c2004
490 _aNational Forest Company Press Release
_v29 March 2004, (1)
520 _aA 10-year strategy for the continuing extension of the England's National Forest has just been launched. More than five million trees have already been planted and the National Forest now covers over 500km² of Leicestershire, Derbyshire and Staffordshire. The current strategy will run till 2014 and aims to plant trees on up to 5 000 hectares of land so that wooded cover would increase by between 22% and 25%. For more information visit: http://www.nationalforest.org/stratpro/index.html
590 _aWB
590 _aWB
650 _aNATIONAL FOREST
650 _aLEICESTERSHIRE
650 _aDERBYSHIRE
650 _aSTAFFORDSHIRE
650 _aWOODLAND
650 _aFOREST
690 _aRURAL-AGRICULTURE AND FORESTRY
942 _n0
999 _c117202
_d117202